000 00735nam a22002417a 4500
003 OSt
005 20140310181916.0
008 130716t xxu||||| |||| 00| 0 eng d
020 _a0896884945
050 _aPE 1117
_b.An545 1985
082 _aTR 372.64
_bAn1b 1985
100 _aAnderson, Valerie
_9941
245 _aBurning bright :
_bValerie Anderson
_creader skillbook. The headway program. Level H /
260 _aIllinois :
_bOpen Court,
_cc1985.
300 _a131 p. :
_bill. (some col.) ;
_c28 cm.
521 _aFaculty
541 _j1
541 _j2
541 _j3
562 _e3
650 _aLiterature
_xStudy and teaching (Elementary)
_xActivity programs.
_9942
942 _2lcc
_cBK-TR
_kTR
999 _c6760
_d6760